| 000 | 00753nam a2200253 i 4500 | ||
|---|---|---|---|
| 001 | 130360 | ||
| 003 | ES-MaACL | ||
| 005 | 20250728095019.0 | ||
| 007 | t| | ||
| 008 | 070726s1930 sp ||||1| spa d | ||
| 080 | _a329.12(460) | ||
| 100 | 1 |
_aZambrano, María, _d1904-1991 _9117914 |
|
| 245 | 1 | 0 |
_aNuevo liberalismo / _cMaría Zambrano. |
| 246 | 3 | 4 | _aHorizonte del liberalismo |
| 250 | _a1ª ed. | ||
| 260 |
_aMadrid : _bJavier Morata, _c1930 ( _fJ. Pueyo) |
||
| 300 |
_a139 p. ; _c17 cm. |
||
| 490 | 1 | _aNueva generación | |
| 650 | 0 | 7 |
_aLiberalismo _2embne _914386 |
| 650 | 0 | 4 |
_aLiberalismo- _zEspaña. _914388 |
| 830 | 0 |
_aNueva generación _9219451 |
|
| 852 |
_aES-MaACL _jR-3129 _x Olim:B-6124 |
||
| 999 |
_c130360 _d130360 |
||